000 01407nam a2200337 i 4500
003 EG-GICUC
005 20260205043701.0
008 260109s20022003ua |||f |||| 00| 0 ara d
017 _a8588/2003
040 _a EG-GICUC
_bara
_c EG-GICUC
_d EG-GICUC
_erda
041 0 _aAra
082 0 4 _221
_a343.31
_bع ص . ق
092 0 4 _221
099 _aLaw1 10 343.31 ع ص . ق 2002
100 0 _aعصام عفيفى حسينى عبدالبصير
_eمؤلف.
245 1 2 _aالقاعدة الجنائية على بياض :
_bدراسة مقارنة فى القانون الوضعى والفقه الجنائى الإسلامى /
_cتأليف الدكتور عصام عفيفى حسينى عبدالبصير.
250 _aالطبعة الأولى
264 3 _a[مكان النشر غير محدد] :
_bدار أبو المجد للطباعة،
_c2002.
300 _a189 صفحة؛
_c24 سم.
336 _2rda content
_atext
337 _2rda media
_aComputer
338 _2rda carrier
_aOnline Resource
504 _a ببليوجرافيا: صفحات162-187.
546 _aالنص باللغة العربية
650 1 _aالقواعد العامة فى الإجراءات الجنائية
_2qrmak
650 1 _aالقانون الجنائى
_2qrmak
651 1 _2qrmak
856 4 0 _uhttps://fll.law.cu.edu.eg/fulltext/bks/B10-07405.pdf
905 _a54
_eYara
942 _2ddc
_cBK
_e21
_n0
999 _c55684
_d55684